000 00847nam a22002057a 4500
999 _c6545
_d6545
005 20220905231907.0
007 cr
008 200916cr ||||| |||| 00| 0 eng d
111 2 _aPlan Nacional Argentina Saludable
_912252
245 1 0 _aAcciones municipales de promoción de la alimentación saludable :
_bla actividad física y la lucha contra el tabaco /
_cPlan Nacional Argentina Saludable
260 _aBuenos Aires:
_bMinisterio de Salud,
_c2013
300 _a32 p.
_bVersión en línea
440 _912248
_aPrograma Nacional Municipios y Comunidades Saludables
650 2 7 _912250
_aSERVICIOS DE SALUD COMUNITARIA
_2decs
650 2 7 _98782
_aENFERMEDAD CRONICA
_2decs
650 2 7 _95692
_aTABAQUISMO
_2decs
856 _uhttp://iah.salud.gob.ar/doc/Documento161.pdf
942 _2ddc
_cLIBRO DIGI
980 _619226
_a Palazón
_820562
_g Diego Higa